Daňová konkurencia z pohľadu zdanenia a vplyvu makroekonomických determinantov
Jedným z posledných trendov vo vývoji daní je presun daňového zaťaženia z priamych na nepriame dane. Jedným z dôvodov presunu je, že korporátne dane sú považované za najviac distorzné a škodlivé pre ekonomický rast. Posúdenie konkurencieschopnosti nových a starých členských krajín so zreteľom na mak...
Saved in:
| Main Author: | |
|---|---|
| Other Authors: | |
| Format: | Book Chapter |
| Language: | Slovak |
| Subjects: | |
| Tags: |
No Tags, Be the first to tag this record!
|
MARC
| LEADER | 00000nla a2200000 4500 | ||
|---|---|---|---|
| 001 | 0242763 | ||
| 005 | 20240417075137.9 | ||
| 041 | 0 | |a slo | |
| 044 | |a CZ | ||
| 245 | 1 | 0 | |a Daňová konkurencia z pohľadu zdanenia a vplyvu makroekonomických determinantov |c Alena Andrejovská, Erika Liptáková |
| 520 | |a Jedným z posledných trendov vo vývoji daní je presun daňového zaťaženia z priamych na nepriame dane. Jedným z dôvodov presunu je, že korporátne dane sú považované za najviac distorzné a škodlivé pre ekonomický rast. Posúdenie konkurencieschopnosti nových a starých členských krajín so zreteľom na makroekonomické determinanty, ktoré túto konkurencieschopnosť ovplyvňujú. | ||
| 610 | 2 | 0 | |a dane |
| 610 | 2 | 0 | |a zdaňovanie |
| 610 | 2 | 0 | |a zaťaženie daňové |
| 610 | 2 | 0 | |a dane priame |
| 610 | 2 | 0 | |a dane nepriame |
| 610 | 2 | 0 | |a ukazovatele makroekonomické |
| 610 | 2 | 0 | |a makroekonomika |
| 610 | 2 | 0 | |a konkurencieschopnosť |
| 610 | 2 | 0 | |a Európska únia |
| 610 | 2 | 0 | |a krajiny vyspelé |
| 610 | 2 | 0 | |a krajiny tranzitívne |
| 100 | 1 | |a Andrejovská, Alena | |
| 700 | 1 | |a Liptáková, Erika | |